Máscaras tradicionales de México (Record no. 1174)
[ view plain ]
| 000 -CABECERA | |
|---|---|
| campo de control de longitud fija | 01044nam a2200265 a 4500 |
| 001 - NÚMERO DE CONTROL | |
| campo de control | BRCA_1309 |
| 005 - FECHA Y HORA DE LA ÚLTIMA TRANSACCIÓN | |
| campo de control | 20190320203353.0 |
| 008 - DATOS DE LONGITUD FIJA--INFORMACIÓN GENERAL | |
| campo de control de longitud fija | 930611s1991 mx-a---##b---#000-0#spa-# |
| 040 ## - FUENTE DE LA CATALOGACIÓN | |
| Centro catalogador/agencia de origen | DLC |
| Centro/agencia transcriptor | DLC |
| 041 ## - CÓDIGO DE LENGUA | |
| Código de lengua del texto/banda sonora o título independiente | spa |
| 044 ## - CÓDIGO DEL PAÍS DE LA ENTIDAD EDITORA/PRODUCTORA | |
| Código MARC del país | mx |
| 050 #4 - SIGNATURA TOPOGRÁFICA DE LA BIBLIOTECA DEL CONGRESO | |
| Número de clasificación | F1219.3.M4 |
| Número de documento/Ítem | .M37 1991 |
| 245 10 - MENCIÓN DE TÍTULO | |
| Título | Máscaras tradicionales de México |
| Mención de responsabilidad, etc. | texto Ruth Deutsch Lechuga ; fotografía Ruth Deutsch Lechuga y Enrique Franco Torrijos ; diseño Marianela de la Hoz ; coordinación Víctor Manuel Espíndola. |
| 260 ## - PUBLICACIÓN, DISTRIBUCIÓN, ETC. | |
| Lugar de publicación, distribución, etc. | México |
| Nombre del editor, distribuidor, etc. | Banco Nacional de Obras y Servicios Públicos |
| Fecha de publicación, distribución, etc. | [1991] |
| 300 ## - DESCRIPCIÓN FÍSICA | |
| Extensión | 157 p. |
| Otras características físicas | il. (algunas a color) |
| Dimensiones | 34 cm. |
| 500 ## - NOTA GENERAL | |
| Nota general | Se cuenta con un ejemplar en el Fondo Ruth Lechuga, No. de Sist. 1672 |
| 504 ## - NOTA DE BIBLIOGRAFÍA, ETC. | |
| Nota de bibliografía, etc. | Bibliografía : p. 155-157 |
| 650 14 - PUNTO DE ACCESO ADICIONAL DE MATERIA--TÉRMINO DE MATERIA | |
| Término de materia o nombre geográfico como elemento de entrada | Máscaras indígenas |
| Subdivisión geográfica | México |
| 9 (RLIN) | 4283 |
| 650 14 - PUNTO DE ACCESO ADICIONAL DE MATERIA--TÉRMINO DE MATERIA | |
| Término de materia o nombre geográfico como elemento de entrada | Máscaras |
| Subdivisión geográfica | México |
| 9 (RLIN) | 4284 |
| 651 #4 - PUNTO DE ACCESO ADICIONAL DE MATERIA--NOMBRE GEOGRÁFICO | |
| Nombre geográfico | México |
| Subdivisión general | Antigüedades |
| 9 (RLIN) | 2765 |
| 700 1# - PUNTO DE ACCESO ADICIONAL--NOMBRE DE PERSONA | |
| Nombre de persona | Lechuga, Ruth Deutsch |
| Fechas asociadas al nombre | 1920-2004 |
| 9 (RLIN) | 4285 |
| 700 1# - PUNTO DE ACCESO ADICIONAL--NOMBRE DE PERSONA | |
| Nombre de persona | Franco Torrijos, Enrique |
| Término indicativo de función/relación | il. |
| 9 (RLIN) | 625 |
| 700 1# - PUNTO DE ACCESO ADICIONAL--NOMBRE DE PERSONA | |
| Nombre de persona | Hoz, Marianela de la |
| 9 (RLIN) | 4286 |
| 942 ## - ELEMENTOS DE PUNTO DE ACCESO ADICIONAL (KOHA) | |
| Fuente del sistema de clasificación o colocación | Library of Congress Classification |
| Tipo de ítem Koha | Libros |
| Estado de retiro | Estado de pérdida | Estado dañado | No para préstamo | Localización permanente | Ubicación/localización actual | Fecha de adquisición | Total de préstamos | Signatura topográfica completa | Código de barras | Fecha visto por última vez | Precio válido a partir de | Tipo de ítem Koha |
|---|---|---|---|---|---|---|---|---|---|---|---|---|
| El ejemplar forma parte de la colección y puede ser consultado según las políticas vigentes. | Biblioteca del Museo Franz Mayer (Rogerio Casas-Alatriste) | Biblioteca del Museo Franz Mayer (Rogerio Casas-Alatriste) | 26/06/2008 | F1219.3.M4 .M37 1991 | 01827 | 22/03/2019 | 22/03/2019 | Libros |